| 000 | 01101nam a2200313 i 4500 | ||
|---|---|---|---|
| 003 | DO-SdBNP | ||
| 005 | 20230720135643.0 | ||
| 007 | ta | ||
| 008 | 230720b2003 dr ||||| |||| 00| 0 spa d | ||
| 020 | _a9993425443 | ||
| 040 |
_aDO-SdBNP _bspa _cBNPHU _erda |
||
| 082 | 4 | _222 | |
| 100 |
_aCanto Chac, Manuel, _eautor _983804 |
||
| 245 | 1 | 0 |
_aInteracción de las organizaciones de la sociedad civil : _bmodulo pedagógico / _cManuel Canto Chac ; elaboración Mariví Arregui ; edición Guadalupe Valdez |
| 264 | 1 |
_aSanto Domingo : _bINTEC _bBID, _c2003. |
|
| 300 |
_a86 páginas ; _c28 cm. |
||
| 336 |
_2rdacontent _atexto _btxt |
||
| 337 |
_2rdamedia _asin mediación _bn |
||
| 338 |
_2rdacarrier _avolumen _bnc |
||
| 490 | _aSociedad civil | ||
| 490 |
_aCapacitación _v2 |
||
| 500 | _aPrograma de fortalecimiento de organizaciones de la sociedad civil | ||
| 590 | _aInventariado, 2023/BT | ||
| 700 | 1 |
_aValdez, Guadalupe, _eedición _914014 |
|
| 700 | 1 |
_aAregui, Mariví, _eelaboración _983810 |
|
| 700 | 1 |
_aFernández, Antonio, _ecorrección _922068 |
|
| 910 | _aBtavárez | ||
| 942 |
_2ddc _cLBS1 |
||
| 999 |
_c54220 _d54220 |
||